[Event "OEBRO 85th Anniversary GM 2021"]
[Site "Copenhagen"]
[Date "2021.10.24"]
[Round "9.4"]
[White "Aczel, Gergely"]
[Black "Siddharth, Jagadeesh"]
[Result "1/2-1/2"]
[WhiteElo "2556"]
[BlackElo "2336"]
[Annotator "TA"]
[PlyCount "237"]
[EventDate "2021.10.18"]
[EventType "swiss"]
[EventCountry "DEN"]
[SourceTitle "playchess.com"]
[Source "ChessBase"]
[SourceQuality "1"]

{[%evp 18,237,26,31,30,27,30,22,25,14,26,12,14,27,21,15,23,16,44,44,43,44,37,37,40,39,38,38,33,33,36,35,82,80,83,83,84,81,81,77,77,77,87,87,91,91,91,94,94,89,83,79,97,89,90,0,91,83,106,92,97,66,97,61,62,62,105,69,96,79,87,69,121,121,125,69,69,40,40,40,81,19,55,55,55,55,55,55,55,55,62,55,62,62,62,55,55,54,62,55,62,64,67,67,68,54,62,62,62,62,62,62,62,62,62,0,69,62,69,19,19,19,19,19,19,19,19,19,19,19,19,19,19,19,19,17,19,19,19,19,19,11,11,11,19,0,0,0,19,12,12,12,19,19,19,19,19,0,0,0,0,0,0,0,0,0,0,0,0,0,0,0,0,0,0,0,0,0,0,0,0,0,0,0,0,0,0,0,0,0,0,-5,0,0,0,0,0,0,0,0,0,0,0,0,0,0,0,0,0,0,0,0,0,0,0,0,0,0,0,0,0,0]} 1. c4 c5 2. Nc3 Nc6 3. Nf3 Nf6 4. g3 d5 5. d4 cxd4 6. Nxd4 dxc4 7. Nxc6 Qxd1+ 8. Nxd1 bxc6 9. Bg2 Nd5 10. Ne3 e6 {A34: Symmetrical English: 2 Nc3, lines with ...d5.} 11. Nxc4 Ba6 12. Na5 Rc8 13. Bd2 Be7 14. Rc1 c5 15. b3 O-O 16. Bf3 Rfd8 17. O-O Nb4 18. Bxb4 cxb4 19. Nc6 Bg5 {[#]} 20. Nxd8 $146 ({Predecessor:} 20. Rc5 h6 21. h4 Bf6 22. Rfc1 Rd2 23. R5c2 Rxc2 24. Rxc2 Kf8 25. Nxb4 Rxc2 26. Nxc2 {½-½ (68) Leko,P (2663)-Gelfand,B (2676) chess24.com INT 2020}) 20... Bxc1 21. Nc6 {[%mdl 64] [#] Double Attack} Bg5 22. h4 Bf6 23. Nxb4 Bb5 24. a4 Be7 {[#]} 25. Nd5 $1 exd5 26. axb5 $16 {[%mdl 4096] Endgame KRB-KRB} d4 27. Rd1 Bc5 28. Bd5 Bb6 29. Bc4 Kf8 30. Kg2 Ke7 31. g4 h6 32. Rd3 Rc7 33. Rf3 f6 34. Rd3 g6 35. Rf3 Rc5 36. Rd3 Rc7 $1 37. Rd1 Kf8 38. Kf3 Kg7 39. Ke4 Re7+ 40. Kd5 Re5+ 41. Kc6 Rc5+ 42. Kd6 Re5 43. Rc1 Rc5 44. Ra1 Rc8 ({Black should try} 44... h5 $14) 45. f3 Rc5 46. Ra4 (46. Bd3 $16) 46... h5 $14 47. Bd3 hxg4 48. fxg4 Rc3 49. Bc4 ({White should play} 49. Ra1 $16) 49... f5 50. gxf5 gxf5 51. Ra1 Rh3 52. Rf1 Rxh4 53. Rxf5 Rh8 54. Ke7 Bd8+ 55. Kd7 Bb6 56. Rf7+ Kg6 57. Rf4 Kg7 58. Ke7 Bc5+ 59. Ke6 Re8+ 60. Kd5 Bb6 61. Kc6 Re7 62. Rf1 Kg6 63. Kd6 Rc7 64. Ke6 Kg5 65. Ke5 Rc5+ 66. Ke6 Rc7 $1 67. Bd3 Kg4 68. Kf6 Rc3 {The position is equal.} 69. Bc4 Re3 70. Bd3 Bd8+ 71. Kg6 Bb6 72. Rf6 Kg3 73. Rf5 Kg4 74. Rf8 Kg3 75. Bc4 Kg2 76. Kg5 Kg3 77. Rf7 Re5+ 78. Kf6 Re3 79. Rh7 Kf2 80. Rh1 Kg2 81. Bd5+ Kf2 82. Bc4 Kg2 83. Rc1 Kf2 84. Rc2 Bd8+ 85. Kf5 Bb6 86. Bd3 Kg3 87. b4 Kf2 88. Kf4 Ke1 89. Ra2 Bc7+ 90. Kf5 Bb6 $1 91. Kg4 Kf2 92. Rc2 Ke1 93. Kf4 Kd1 {Threatens to win with ...Rxd3!} 94. Ra2 Ke1 95. Ra1+ Kf2 96. Rc1 Re7 97. Rh1 Re3 98. Kg4 Rg3+ 99. Kf5 Re3 100. Rc1 Rxe2 101. Kf4 $1 ({Avoid the trap} 101. Bxe2 $2 Kxe2 102. Rc2+ Ke3 $19) 101... Re3 (101... Re7 {looks sharper.} 102. Rf1+ Kg2 103. Rd1 Bc7+ 104. Kg4 Rf7) 102. Rf1+ Kg2 103. Rd1 Bc7+ (103... Kf2 {feels hotter.} 104. Rf1+) 104. Kf5 (104. Kg4 {with more complications.} Rg3+ 105. Kf5 Kf2 106. Ke4 Bb6 107. Rf1+) 104... Kg3 (104... Re5+ {keeps more tension.} 105. Kg4 Kf2 106. Bc4 Re4+ 107. Kf5 Rf4+) 105. Be4 Bb6 106. Rd2 Kh3 107. Kf4 {White wants to mate with Bf5+.} (107. Bb1 {is interesting.} Re8 108. Be4 Rf8+ 109. Ke5 Re8+ 110. Kf5) 107... Bc7+ 108. Kf5 Bb6 109. Bd5 (109. Bg2+ {is more complex.} Kg3 110. Be4) 109... Kg3 110. Rg2+ Kh3 111. Rg7 Re8 112. Kf4 {[%cal Rg7h7]} (112. Bg2+ {seems wilder.} Kh2 113. Be4 Rd8 114. Ke5 Kh3 115. Kf4) 112... Rf8+ 113. Ke4 Re8+ 114. Kf3 {[%cal Rg7h7]} Rf8+ 115. Bf7 {[%cal Rg7h7]} Kh4 116. Rg4+ Kh3 117. Rf4 {And now Be6+ would win.} Kh2 118. Ke4 Kg3 {Black wants to play ...d3!} 119. Rf3+ {Weighted Error Value: White=0.10/Black=0.08} 1/2-1/2

[Event "OEBRO 85th Anniversary GM 2021"]
[Site "Copenhagen"]
[Date "2021.10.24"]
[Round "9.5"]
[White "Larsen, Karsten"]
[Black "Brynell, Stellan"]
[Result "0-1"]
[WhiteElo "2252"]
[BlackElo "2431"]
[Annotator "ChessBase"]
[PlyCount "120"]
[EventDate "2021.10.18"]
[EventType "swiss"]
[EventCountry "DEN"]
[SourceTitle "playchess.com"]
[Source "ChessBase"]
[SourceQuality "1"]
[TimeControl "40/5400+30:900+30"]

1. d4 {[%emt 0:00:03]} Nf6 {[%emt 0:00:09]} 2. Nf3 {[%emt 0:01:49]} d5 {[%emt 0:00:12]} 3. e3 {[%emt 0:01:27]} e6 {[%emt 0:00:30]} 4. c4 {[%emt 0:01:17]} c5 {[%emt 0:00:12]} 5. a3 {[%emt 0:02:43]} a6 {[%emt 0:00:07]} 6. dxc5 {[%emt 0:01:39]} Bxc5 {[%emt 0:00:23]} 7. b4 {[%emt 0:00:10]} Bd6 {[%emt 0:00:34]} 8. Bb2 {[%emt 0:01:35]} O-O {[%emt 0:01:31]} 9. Nbd2 {[%emt 0:00:39]} a5 {[%emt 0:05:05]} 10. c5 {[%emt 0:10:28]} Be7 {[%emt 0:00:09]} 11. Rc1 {[%emt 0:01:31]} axb4 {[%emt 0:04:43]} 12. axb4 {[%emt 0:00:12]} Na6 {[%emt 0:00:20]} 13. Qb3 {[%emt 0:02:07]} Bd7 {[%emt 0:02:42]} 14. Be2 {[%emt 0:05:36]} Qe8 {[%emt 0:01:29]} 15. Bxa6 {[%emt 0:34:38]} Rxa6 {[%emt 0:11:57]} 16. O-O {[%emt 0:00:08]} Bb5 {[%emt 0:10:42]} 17. Rfe1 {[%emt 0:00:28]} Qd7 {[%emt 0:01:32]} 18. Ra1 {[%emt 0:05:06]} Rfa8 {[%emt 0:05:19]} 19. Rxa6 {[%emt 0:01:10]} Rxa6 {[%emt 0:00:27]} 20. Ra1 {[%emt 0:01:30]} Ne8 {[%emt 0:05:00]} 21. Ne5 {[%emt 0:09:51]} Rxa1+ {[%emt 0:04:35]} 22. Bxa1 {[%emt 0:00:02]} Qc7 {[%emt 0:01:37]} 23. Nef3 {[%emt 0:06:09]} Qc8 {[%emt 0:11:24]} 24. Qa3 {[%emt 0:01:20]} Nc7 {[%emt 0:01:52]} 25. Be5 {[%emt 0:02:16]} f6 {[%emt 0:03:22]} 26. Bxc7 {[%emt 0:04:07]} Qxc7 {[%emt 0:00:03]} 27. Nd4 {[%emt 0:01:01]} Bd7 {[%emt 0:00:15]} 28. Qa7 {[%emt 0:00:05]} Kf7 {[%emt 0:05:09]} 29. N2b3 {[%emt 0:00:45]} e5 {[%emt 0:00:39]} 30. Ne2 {[%emt 0:00:10]} Bc6 {[%emt 0:10:03]} 31. Nc3 {[%emt 0:03:10]} Qd7 {[%emt 0:00:15]} 32. Qa2 {[%emt 0:01:39]} Kf8 {[%emt 0:02:48]} 33. Qd2 {[%emt 0:00:38]} b6 {[%emt 0:04:50]} 34. Qd3 {[%emt 0:00:56]} bxc5 {[%emt 0:00:59]} 35. Nxc5 {[%emt 0:00:46]} Bxc5 {[%emt 0:00:37]} 36. bxc5 {[%emt 0:00:02]} Qa7 {[%emt 0:02:07]} 37. h3 {[%emt 0:01:12]} Qxc5 {[%emt 0:00:12]} 38. Kh2 {[%emt 0:00:28]} g6 {[%emt 0:00:23]} 39. Qd2 {[%emt 0:00:35]} Kg7 {[%emt 0:01:54]} 40. Kg1 {[%emt 0:00:10]} h5 {[%emt 0:01:08]} 41. Kh2 {[%emt 0:01:39]} d4 {[%emt 0:05:08]} 42. exd4 {[%emt 0:02:31]} Qxd4 {[%emt 0:00:06]} 43. Qe3 {[%emt 0:02:34]} Qxe3 {[%emt 0:00:41]} 44. fxe3 {[%emt 0:00:02]} h4 {[%emt 0:00:10]} 45. Kg1 {[%emt 0:00:15]} f5 {[%emt 0:01:16]} 46. Kf2 {[%emt 0:00:11]} Kf6 {[%emt 0:00:06]} 47. Nb1 {[%emt 0:01:24]} Ke6 {[%emt 0:00:16]} 48. Nd2 {[%emt 0:00:21]} Bd5 {[%emt 0:00:16]} 49. Nb1 {[%emt 0:01:30]} Kd6 {[%emt 0:00:16]} 50. Nc3 {[%emt 0:00:13]} Bc6 {[%emt 0:00:29]} 51. Nb1 {[%emt 0:00:46]} Kc5 {[%emt 0:00:11]} 52. Nd2 {[%emt 0:00:11]} Kb4 {[%emt 0:03:17]} 53. Nf1 {[%emt 0:02:18]} Kc3 {[%emt 0:00:38]} 54. g3 {[%emt 0:05:05]} g5 {[%emt 0:00:08]} 55. gxh4 {[%emt 0:00:05]} gxh4 {[%emt 0:00:05]} 56. Nh2 {[%emt 0:00:15]} Kd3 {[%emt 0:00:30]} 57. Nf1 {[%emt 0:00:13]} Be8 {[%emt 0:00:30]} 58. Nh2 {[%emt 0:03:17]} Bh5 {[%emt 0:00:34]} 59. Nf1 {[%emt 0:00:26]} Be2 {[%emt 0:00:53]} 60. Nh2 {[%emt 0:00:19]} e4 {[%emt 0:01:10]} 0-1

[Event "OEBRO 85th Anniversary GM 2021"]
[Site "Copenhagen"]
[Date "2021.10.24"]
[Round "9.6"]
[White "Hector, Jonny"]
[Black "Ermitsch, Magnus"]
[Result "1-0"]
[WhiteElo "2443"]
[BlackElo "2086"]
[Annotator "ChessBase"]
[PlyCount "73"]
[EventDate "2021.10.18"]
[EventType "swiss"]
[EventCountry "DEN"]
[SourceTitle "playchess.com"]
[Source "ChessBase"]
[SourceQuality "1"]
[TimeControl "40/5400+30:900+30"]

1. e4 {[%emt 0:00:05]} c5 {[%emt 0:00:30]} 2. Nf3 {[%emt 0:00:09]} e6 {[%emt 0:00:19]} 3. d4 {[%emt 0:00:05]} cxd4 {[%emt 0:00:33]} 4. Nxd4 {[%emt 0:00:07]} Nc6 {[%emt 0:00:20]} 5. Nc3 {[%emt 0:00:14]} Qc7 {[%emt 0:00:53]} 6. Be3 {[%emt 0:00:40]} a6 {[%emt 0:00:24]} 7. g4 {[%emt 0:01:19]} d6 {[%emt 0:03:50]} 8. f4 {[%emt 0:04:05]} Nf6 {[%emt 0:02:14]} 9. g5 {[%emt 0:04:17]} Nd7 {[%emt 0:02:50]} 10. Qh5 {[%emt 0:05:22]} g6 {[%emt 0:10:57]} 11. Qe2 {[%emt 0:02:35]} Na5 {[%emt 0:02:50]} 12. f5 {[%emt 0:07:29]} Ne5 {[%emt 0:02:41]} 13. Bh3 {[%emt 0:01:42]} Qc4 {[%emt 0:02:42]} 14. O-O-O {[%emt 0:22:57]} b5 {[%emt 0:04:23]} 15. Qxc4 {[%emt 0:08:07]} Nexc4 {[%emt 0:02:53]} 16. Bf2 {[%emt 0:00:11]} b4 {[%emt 0:05:40]} 17. Na4 {[%emt 0:00:35]} e5 {[%emt 0:01:51]} 18. b3 {[%emt 0:00:21]} Bd7 {[%emt 0:04:57]} 19. Nf3 {[%emt 0:04:52]} h6 {[%emt 0:04:47]} 20. bxc4 {[%emt 0:03:00]} Bxa4 {[%emt 0:00:37]} 21. fxg6 {[%emt 0:01:42]} fxg6 {[%emt 0:03:35]} 22. c5 {[%emt 0:01:37]} hxg5 {[%emt 0:11:18]} 23. Bg4 {[%emt 0:00:30]} Nb7 {[%emt 0:01:27]} 24. cxd6 {[%emt 0:02:34]} Bxd6 {[%emt 0:01:28]} 25. Be3 {[%emt 0:01:54]} Rh7 {[%emt 0:06:24]} 26. Rd2 {[%emt 0:02:41]} Bd7 {[%emt 0:01:43]} 27. Nxg5 {[%emt 0:03:23]} Re7 {[%emt 0:02:00]} 28. Bxd7+ {[%emt 0:04:25]} Rxd7 {[%emt 0:01:29]} 29. Rf1 {[%emt 0:03:08]} Be7 {[%emt 0:03:53]} 30. Rdf2 {[%emt 0:04:51]} O-O-O {[%emt 0:01:36]} 31. Nf7 {[%emt 0:00:48]} Re8 {[%emt 0:03:18]} 32. Nxe5 {[%emt 0:01:19]} Bg5 {[%emt 0:05:36]} 33. Bxg5 {[%emt 0:00:25]} Rxe5 {[%emt 0:00:11]} 34. Rf8+ {[%emt 0:00:39]} Nd8 {[%emt 0:00:09]} 35. Bf6 {[%emt 0:02:06]} Rxe4 {[%emt 0:01:19]} 36. Rd1 {[%emt 0:00:09]} Re2 {[%emt 0:01:45]} 37. Rxd8+ {[%emt 0:01:17]} 1-0

[Event "OEBRO 85th Anniversary GM 2021"]
[Site "Copenhagen"]
[Date "2021.10.24"]
[Round "9.7"]
[White "Porte, Henrik"]
[Black "Brondt, Nicolai Kvist"]
[Result "0-1"]
[WhiteElo "2170"]
[BlackElo "2217"]
[Annotator "ChessBase"]
[PlyCount "100"]
[EventDate "2021.10.18"]
[EventType "swiss"]
[EventCountry "DEN"]
[SourceTitle "playchess.com"]
[Source "ChessBase"]
[SourceQuality "1"]
[TimeControl "40/5400+30:900+30"]

1. d4 {[%emt 0:00:03]} Nf6 {[%emt 0:00:05]} 2. c4 {[%emt 0:00:03]} c6 {[%emt 0:00:10]} 3. Nc3 {[%emt 0:00:27]} d5 {[%emt 0:00:08]} 4. Nf3 {[%emt 0:00:05]} e6 {[%emt 0:00:04]} 5. Bg5 {[%emt 0:00:19]} h6 {[%emt 0:00:04]} 6. Bxf6 {[%emt 0:00:30]} Qxf6 {[%emt 0:00:05]} 7. e3 {[%emt 0:00:07]} Nd7 {[%emt 0:00:48]} 8. cxd5 {[%emt 0:04:46]} exd5 {[%emt 0:00:26]} 9. Bd3 {[%emt 0:00:05]} Bd6 {[%emt 0:07:01]} 10. Qc2 {[%emt 0:01:02]} O-O {[%emt 0:03:21]} 11. O-O {[%emt 0:02:53]} Qe7 {[%emt 0:01:55]} 12. Rfe1 {[%emt 0:10:43]} Nf6 {[%emt 0:01:57]} 13. e4 {[%emt 0:04:37]} dxe4 {[%emt 0:03:26]} 14. Nxe4 {[%emt 0:00:42]} Nxe4 {[%emt 0:01:16]} 15. Bxe4 {[%emt 0:02:48]} Qf6 {[%emt 0:03:56]} 16. Ne5 {[%emt 0:16:47]} Be6 {[%emt 0:03:02]} 17. Rad1 {[%emt 0:08:44]} Rad8 {[%emt 0:03:57]} 18. Qc3 {[%emt 0:05:49]} Bf5 {[%emt 0:09:14]} 19. Bxf5 {[%emt 0:03:04]} Qxf5 {[%emt 0:00:23]} 20. Nc4 {[%emt 0:04:50]} Bb8 {[%emt 0:07:34]} 21. g3 {[%emt 0:03:42]} Rfe8 {[%emt 0:15:28]} 22. Rxe8+ {[%emt 0:10:14]} Rxe8 {[%emt 0:00:01]} 23. Re1 {[%emt 0:00:19]} Rxe1+ {[%emt 0:08:01]} 24. Qxe1 {[%emt 0:00:04]} Qd7 {[%emt 0:01:23]} 25. Qe4 {[%emt 0:01:11]} Bc7 {[%emt 0:00:58]} 26. b3 {[%emt 0:05:25]} Bd8 {[%emt 0:04:47]} 27. Qe5 {[%emt 0:03:20]} Bf6 {[%emt 0:04:06]} 28. Qb8+ {[%emt 0:03:44]} Kh7 {[%emt 0:00:55]} 29. Qxa7 {[%emt 0:00:14]} Bxd4 {[%emt 0:00:56]} 30. Qa5 {[%emt 0:02:43]} b5 {[%emt 0:05:58]} 31. Ne3 {[%emt 0:00:10]} Bxe3 {[%emt 0:01:49]} 32. fxe3 {[%emt 0:00:05]} Qd1+ {[%emt 0:00:12]} 33. Kf2 {[%emt 0:00:11]} Qc2+ {[%emt 0:04:41]} 34. Kg1 {[%emt 0:02:35]} Qd3 {[%emt 0:00:55]} 35. Qa7 {[%emt 0:00:58]} c5 {[%emt 0:03:15]} 36. Qxc5 {[%emt 0:01:27]} Qb1+ {[%emt 0:00:39]} 37. Kf2 {[%emt 0:02:07]} Qxa2+ {[%emt 0:00:07]} 38. Kf3 {[%emt 0:00:50]} Qxb3 {[%emt 0:00:07]} 39. Qf5+ {[%emt 0:00:41]} g6 {[%emt 0:00:25]} 40. Qd7 {[%emt 0:00:38]} Qc4 {[%emt 0:01:40]} 41. g4 {[%emt 0:03:57]} b4 {[%emt 0:02:05]} 42. h4 {[%emt 0:00:11]} b3 {[%emt 0:06:33]} 43. Qb7 {[%emt 0:04:24]} Qf1+ {[%emt 0:02:38]} 44. Kg3 {[%emt 0:01:02]} Qg1+ {[%emt 0:00:23]} 45. Kh3 {[%emt 0:00:32]} Qxe3+ {[%emt 0:00:15]} 46. Kg2 {[%emt 0:00:04]} Qd2+ {[%emt 0:05:12]} 47. Kg3 {[%emt 0:00:26]} Qc3+ {[%emt 0:01:12]} 48. Kg2 {[%emt 0:00:15]} Kg7 {[%emt 0:01:28]} 49. h5 {[%emt 0:00:10]} g5 {[%emt 0:01:03]} 50. Qb5 {[%emt 0:01:13]} b2 {[%emt 0:00:56]} 0-1

[Event "OEBRO 85th Anniversary GM 2021"]
[Site "Copenhagen"]
[Date "2021.10.24"]
[Round "9.8"]
[White "Simonsen, Carsten"]
[Black "Jacobsen, Mikkel Manosri"]
[Result "1/2-1/2"]
[WhiteElo "2218"]
[BlackElo "2293"]
[Annotator "ChessBase"]
[PlyCount "84"]
[EventDate "2021.10.18"]
[EventType "swiss"]
[EventCountry "DEN"]
[SourceTitle "playchess.com"]
[Source "ChessBase"]
[SourceQuality "1"]
[TimeControl "40/5400+30:900+30"]

1. d4 {[%emt 0:00:25]} d5 {[%emt 0:13:21]} 2. Bf4 {[%emt 0:00:20]} Nf6 {[%emt 0:00:28]} 3. e3 {[%emt 0:00:07]} c5 {[%emt 0:00:13]} 4. c3 {[%emt 0:00:14]} Nc6 {[%emt 0:00:13]} 5. Nd2 {[%emt 0:00:38]} cxd4 {[%emt 0:00:06]} 6. exd4 {[%emt 0:00:08]} Bg4 {[%emt 0:00:05]} 7. Ngf3 {[%emt 0:02:28]} e6 {[%emt 0:00:26]} 8. Qb3 {[%emt 0:01:33]} Bd6 {[%emt 0:00:36]} 9. Qxb7 {[%emt 0:04:33]} O-O {[%emt 0:00:21]} 10. Ne5 {[%emt 0:06:37]} Na5 {[%emt 0:01:28]} 11. Qa6 {[%emt 0:01:57]} Qc7 {[%emt 0:01:57]} 12. h3 {[%emt 0:12:29]} Bf5 {[%emt 0:01:17]} 13. g4 {[%emt 0:00:23]} Bg6 {[%emt 0:02:50]} 14. Nxg6 {[%emt 0:00:34]} Bxf4 {[%emt 0:00:05]} 15. Nxf4 {[%emt 0:00:16]} Qxf4 {[%emt 0:00:03]} 16. Qxa5 {[%emt 0:00:17]} Ne4 {[%emt 0:00:06]} 17. O-O-O {[%emt 0:02:30]} Nxf2 {[%emt 0:00:24]} 18. Ba6 {[%emt 0:02:14]} Nxd1 {[%emt 0:00:56]} 19. Rxd1 {[%emt 0:03:21]} Qg3 {[%emt 0:04:31]} 20. Bf1 {[%emt 0:07:27]} g5 {[%emt 0:04:42]} 21. Qa6 {[%emt 0:02:07]} Kg7 {[%emt 0:02:23]} 22. Qe2 {[%emt 0:03:24]} Rfc8 {[%emt 0:01:06]} 23. Nf3 {[%emt 0:03:55]} Rab8 {[%emt 0:03:38]} 24. Rd3 {[%emt 0:01:12]} Qf4+ {[%emt 0:01:17]} 25. Nd2 {[%emt 0:01:21]} a5 {[%emt 0:00:30]} 26. Rf3 {[%emt 0:00:34]} Qd6 {[%emt 0:00:20]} 27. Qe3 {[%emt 0:04:13]} h6 {[%emt 0:01:58]} 28. Qe5+ {[%emt 0:07:05]} Qxe5 {[%emt 0:00:11]} 29. dxe5 {[%emt 0:00:08]} d4 {[%emt 0:01:07]} 30. Rd3 dxc3 {[%emt 0:00:19]} 31. bxc3 {[%emt 0:00:32]} Rc5 {[%emt 0:00:53]} 32. Re3 {[%emt 0:01:03]} a4 {[%emt 0:01:00]} 33. a3 {[%emt 0:02:26]} Rc6 {[%emt 0:01:45]} 34. Kc2 {[%emt 0:00:46]} Rcb6 {[%emt 0:00:20]} 35. Re4 {[%emt 0:04:18]} Rb2+ {[%emt 0:00:19]} 36. Kc1 {[%emt 0:00:38]} Ra2 {[%emt 0:00:26]} 37. Rxa4 {[%emt 0:05:49]} Rbb2 {[%emt 0:00:41]} 38. Rd4 {[%emt 0:01:02]} Rc2+ {[%emt 0:00:35]} 39. Kd1 {[%emt 0:00:36]} Rxc3 {[%emt 0:00:27]} 40. Rd3 {[%emt 0:03:16]} Raxa3 {[%emt 0:00:52]} 41. Rxc3 {[%emt 0:15:17]} Rxc3 {[%emt 0:15:07]} 42. Ke2 {[%emt 0:00:13]} Rc5 {[%emt 0:00:31]} 1/2-1/2